01056cam a22002771 45000010005000000030008000050050017000130080039000300350018000690350019000870400039001060410008001450820016001531000043001692450067002122500011002792600040002903000028003305040020003585050151003786500031005296500042005609420012006029990015006149520149006294670BD-RjUL20211208233932.0131223s1958 ii 001 0 eng a(BD-RjUL)4705 a(OCoLC)9479225 aDLCcViU-LdCLUdDLCdBD-RjULbeng aeng a342.54bCHL1 aChaudhri, A. S.q(Anand Swarup)91471810aLaw of writs and fundamental rights /cA. S. Chaudhri.nVol. 1 a2d ed. aAllahabad :bLaw Book Co.,cc1958 . axxxii, 416 p. ;c25 cm. aIncludes index.0 av. 1. Fundamental rights.--v. 2. Writs, being a treatise on the legal remedies of prohibition, certiorari, mandamus, quo-warranto & habeas corpus. 0aCivil rightszIndia.97355 0aExtraordinary remedieszIndia.914719 2ddccBK c4670d4670 00102ddc3V-140718NFICaRUCLbRUCLcreadingd1964-06-01ePak. Law Houseg15.00l0o342.54 CHL 1958r2013-12-23 00:00:00tC-1w2013-12-23yBK